Don't go to the US! - Sudden Death - Shapes - Statistics

General Stats
  • This quiz has been taken 1,742 times
  • The average score is 15 of 24
Answers on the Grid
Answers color-coded by a green-red scale on the quiz's grid according to % correct below.
 
Answer Stats
Answer % Correct
93%
79%
79%
77%
75%
65%
64%
64%
63%
62%
61%
61%
60%
60%
60%
59%
57%
51%
50%
50%
48%
46%
45%
44%
No matching quizzes found
Score Distribution
Percent of People with Each Score
Percentile by Number Answered
Your Score History
You have not taken this quiz